Movies Quiz

Random Movies or Director Quiz

Oscar nominated performances directed by Alfred Hitchcock Quiz Stats

 Plays Quiz not verified by Sporcle

Challenge
Share
Tweet
Embed
Score 0/9 Timer 10:00
0 Plays Today
Movie Actor % Correct
PsychoJanet Leigh
95.7%
RebeccaLaurence Olivier
92.4%
RebeccaJoan Fontaine
85.2%
SuspicionJoan Fontaine
85.2%
NotoriousClaude Rains
59.5%
RebeccaJudith Anderson
47.6%
The Paradine CaseEthel Barrymore
21%
SpellboundMichael Chekhov
16.7%
Foreign CorrespondentAlbert Bassermann
13.3%

You're not logged in!

Compare scores with friends on all Sporcle quizzes.
Join for Free
OR
Log In

You Might Also Like...

Show Comments

Extras

Top Quizzes Today


Score Distribution

Your Account Isn't Verified!

In order to create a playlist on Sporcle, you need to verify the email address you used during registration. Go to your Sporcle Settings to finish the process.

Report this User

Report this user for behavior that violates our Community Guidelines.

Details: